| 000 | 00898cam a22002531 4500 | ||
|---|---|---|---|
| 001 | ss 54000016 | ||
| 003 | DLC | ||
| 005 | 20260227112752.0 | ||
| 008 | 810813s1954 dcu f100 0 eng c | ||
| 010 | _ass 54000016 | ||
| 035 | _a(OCoLC)7666739 | ||
| 040 |
_aSocial Security Admin. Libr. _cOkAdE _dISS _dOCoLC _dDLC |
||
| 042 | _apremarc | ||
| 050 | 0 | 0 |
_aHV9104 _b.W53 |
| 086 | 0 | _aFS 3.209:349 | |
| 100 | 1 | _aWitmer, Helen Leland. | |
| 245 | 1 | 0 |
_aParents and delinquency; _ba report of a conference. |
| 260 |
_aWashington, _bU.S. Dept. of Health, Education, and Welfare, Social Security Administration, Children's Bureau _c[1954] |
||
| 300 |
_a43 p. _c23 cm. |
||
| 490 | 1 |
_aUnited States. Children's Bureau. Publication _vno. 350 |
|
| 650 | 0 |
_aJuvenile delinquency _zUnited States. |
|
| 650 | 0 | _aParent and child. | |
| 830 | 0 |
_aBureau publication (United States. Children's Bureau) ; _vno. 350. |
|
| 999 |
_c90955 _d90955 |
||